000 00550nam a2200181Ia 4500
001 21292
005 20260306172908.0
008 260306t2018||||xx |||||||||||||| ||spa||
041 _aESP
082 _a344.523
_bC32
100 _aCastillo Aparicio, Johnny E.
_eAUT
245 0 _aLa prueba en el delito de violencia contra la mujer y el grupo familiar:
_bcriterios de valoración en casos de violencia de género y familiar
260 _c2018
300 _a731 páginas :
_c25 cm.
650 _aGEN
654 _aCDE
942 _cLIB
_dJUS
_fJUS
_2ddc
_n
999 _c21292
_d21292